MLB: Silver Sluggers-Third Base - Statistics

General Stats
  • This quiz has been taken 99 times
  • The average score is 16 of 43
Answer Stats
Year Player % Correct
1986, 1984, 1983, 1982, 1981, 1980 Mike Schmidt
85%
2008, 2007, 2005 Alex Rodriguez
81%
2018, 2017, 2016, 2015 Nolan Arenado
73%
1994, 1993, 1991, 1989, 1988, 1987, 1986, 1983 Wade Boggs
69%
2000, 1999 Chipper Jones
63%
2020, 2018, 2017 Jose Ramirez
61%
2011 Aramis Ramirez
59%
1985, 1980 George Brett
59%
2020 Many Machado
59%
2016, 2015 Josh Donaldson
56%
2014, 2011, 2010, 2004 Adrian Beltre
53%
2013, 2012, 2006 Miguel Cabrera
51%
2002 Scott Rolen
51%
1991, 1989 Howard Johnson
49%
2008, 2007 David Wright
47%
2019 Alex Bregman
44%
1997, 1994, 1993, 1990 Matt Williams
41%
1992 Edgar Martinez
39%
2009 Evan Longoria
37%
1996 Ken Caminiti
34%
1987, 1985 Tim Wallach
32%
2001, 2000 Troy Glaus
32%
1981 Carney Lansford
31%
2019, 2014 Anthony Rendon
27%
1984 Buddy Bell
27%
1995 Gary Gaetti
27%
2003 Mike Lowell
27%
1998, 1997, 1995 Vinny Castilla
25%
2001 Albert Pujols
22%
1996 Jim Thome
22%
2010, 2009 Ryan Zimmerman
22%
2002 Eric Chavez
19%
1982 Doug DeCinces
17%
1988 Bobby Bonilla
15%
1990 Kelly Gruber
14%
2004 Miguel Tejada
14%
2003 Bill Mueller
12%
2012 Chase Headley
12%
1999, 1998 Dean Palmer
12%
1992 Gary Sheffield
12%
2006 Joe Crede
10%
2013 Pedro Alvarez
10%
2005 Morgan Ensberg
7%
No matching quizzes found
Score Distribution
Percent of People with Each Score
Percentile by Number Answered
Your Score History
You have not taken this quiz